| 000 | 01572cam a22003737a 4500 | ||
|---|---|---|---|
| 003 | CHAP | ||
| 005 | 20220817043807.0 | ||
| 008 | 010912s2001 mx ad r 00010 spa d | ||
| 010 | _a84604 | ||
| 011 | _a85576 | ||
| 020 | _a9707040173 | ||
| 035 | _a96110 | ||
| 040 | _cCHAP | ||
| 082 | 0 | 4 |
_a378 _bO73 |
| 110 | 2 |
_aOrganización para la Cooperación y el Desarrollo Económicos. París _983559 |
|
| 245 | 1 | 0 |
_aCalidad e internacionalización en la educación superior _c/por Organización para la Cooperación y el Desarrollo Económico |
| 260 |
_aMéxico, D.F. : _bAsociación Nacional de Universidades e Instituciones de Educación Superior, _c2001 |
||
| 300 |
_a294 p. : _bilus. ; cuadros |
||
| 410 | 2 | 1 | _aOrganización para la Cooperación y el Desarollo Económico |
| 490 | 0 | _aColección Biblioteca de la Educación Superior. Serie investigaciones | |
| 500 | _aTraducción de: Quality and internationalisation in higher education, 1999. | ||
| 590 |
_aBATCH-UPD _b10 _c20130110 _lUCH01 _h1415 |
||
| 590 |
_aBATCH-UPD _b10 _c20130410 _lUCH01 _h0859 |
||
| 590 |
_aBATCH-UPD _b10 _c20130914 _lUCH01 _h0818 |
||
| 590 |
_aCONVERSION _b10 _c20130109 _lUCH01 _h1347 |
||
| 650 | 0 | 4 |
_aCalidad _xControl de la. _917484 |
| 650 | 0 | 4 | _aEducación superior. |
| 810 | 0 | 0 |
_aOrganización para la Cooperación y el Desarollo Económico _983558 |
| 830 | 0 | 0 |
_aColección Biblioteca de la Educación Superior. Serie investigaciones _924721 |
| 901 | _aBK | ||
| 905 | _aMarco A. Mendoza T. | ||
| 942 | _cLIBRO | ||
| 949 |
_a378 O73 _bBC _cLIBRO _d33724000854220 _eLIBRO _h101606 _i96110 _si |
||
| 999 |
_c84604 _d84604 |
||